000 01465cam a2200397 a 4500
001 60541
005 20230410143406.0
008 910828s1991 flu b 100 0 eng
010 _a 91189195
035 _a(OCoLC)ocm24871806
040 _aDLC
_cDLC
_dBTCTA
_dBAKER
_dOCLCG
019 _a23967029
020 _a0935501231
020 _a9780935501230
029 1 _aNLGGC
_b087938863
035 _a(OCoLC)24871806
_z(OCoLC)23967029
043 _anwcu---
050 1 4 _aF1788
_bC8158 1990
082 0 0 _a972.9106/4
_220
049 _aGRAL
245 0 0 _aCuba in a changing world /
_cedited by Antonio Jorge, Jaime Suchlicki, Adolfo Leyva de Varona.
260 _aCoral Gables, Fla. :
_bResearch Institute for Cuban Studies,
_cc1991.
300 _a130 p. ;
_c22 cm.
500 _aPapers presented at a conference sponsored by the Research Institute for Cuban Studies held in Miami, Feb. 22-24, 1990.
504 _aIncludes bibliographical references.
651 0 _aCuba
_xPolitics and government
_y1959-1990
_vCongresses.
651 0 _aCuba
_xEconomic conditions
_y1959-1990
_vCongresses.
700 1 _aJorge, Antonio,
_d1931-
700 1 _aLeyva de Varona, Adolfo.
700 1 _aSuchlicki, Jaime.
710 2 _aUniversity of Miami.
_cResearch Institute for Cuban Studies.
938 _aBaker and Taylor
_bBTCP
_n91189195
938 _aBaker & Taylor
_bBKTY
_c12.95
_d12.95
_i0935501231
_n0002072217
_sactive
942 _2lcc
_cbk
994 _aC0
_bDRFGD
999 _c100833
_d100833